000 00941nab a2200265 u 4500
001 14370
003 HDC
007 cr bn ---aaaaa
008 210201b20110529my ||||| |||| 00| 0 may d
040 _aHDC
245 0 _aTeroka negara bukan Islam :
_bIKS perlu agresif pasar produk halal ke pasaran bukan tradisional
260 _aKuala Lumpur :
_bThe New Straits Times Press (M) Bhd.,
_c2010
300 _a1 online resource
336 _atext
_2rdacontent
337 _acomputer
_2rdamedia
338 _aonline resource
_2rdacarrier
650 _aEntrepreneurship
_9209
650 _aFood
_xReligious aspects
_xIslam.
_9239
650 _aSmall business
_9208
710 _aHarian Metro,
_eissung body
856 _zRequest full-text at [email protected]
942 _2lcc
942 _cNEWS
942 _kNWSC 003216
999 _c11686
_d11686